|
|
|
|
| LEADER |
00000cam a2200000 7i4500 |
| 001 |
0000000678 |
| 002 |
000000774 |
| 005 |
20000330.0 |
| 020 |
|
|
|a 9838782149
|
| 090 |
0 |
0 |
|a 030
|b TIT
|
| 100 |
1 |
|
|a Meredith, Susan
|
| 245 |
1 |
0 |
|a Apakah yang ada di dalam badan kamu?
|c Susan Meredith illustrasi oleh Kuo Keng Chen, Colin King dan Peter Wingham
|
| 260 |
|
|
|a Johor Bahru :
|b Pelangi Sdn Bhd ,
|c 19__
|
| 300 |
|
|
|a 24 p. :
|b ill. ;
|c 18 cm.
|
| 490 |
0 |
|
|a Siri Titik Permulaan Sains Pelangi
|
| 650 |
0 |
0 |
|a Mind and body
|x Juvenile literature
|
| 999 |
|
|
|a 029503
|b BUKU
|c JUNIOR BOOKS
|e PERPUSTAKAAN KOMUNITI PETALING JAYA
|
| 999 |
|
|
|a 029504
|b BUKU
|c PINJAMAN
|e PERPUSTAKAAN KOMUNITI PETALING JAYA
|